000 00335nam a22001217a 4500
020 _a0672321254
082 _222
_a005.71376
100 _aAllen, Robbie and Puckett, Richard.
245 _aManaging enterprise active directory services /
260 _aUSA,
_bAddison Wesley,
_cc2002.
300 _axiii, 581 p. ;
_bill. ;
942 _2ddc
_cIT
999 _c4140
_d4140